000
00229nam a22000857a 4500
008
160718b xxu||||| |||| 00| 0 eng d
100
_9
2991
_a
Nahar, N.S., et al
245
_a
Home Science - Class IX
260
_a
Agra
_b
Oswal
_c
MCMXCVIII
999
_c
2554
_d
2554